000 01815nam a2200349 c 4500
003 BLK
005 20241114005503.0
008 180409b bul|||||r ||||||| ||bul||
010 _aKNG00139563000
040 _aBLK
041 _aBUL
_cBUL
080 _aБългарска литература
_b821.163.2
_x-93-1
_z821.163.2-93-1
100 _aГабе, Дора Петрова
_gПоетеса и писателка. Преводачка от полски език.
_d1886-1983
_qГабе, Изидора Петрова
_9369524
700 _aБешков, Илия
_gХудожник, карикатурист, илюстратор
_d1901-1958
_qДунов, Илия Бешков
_9364385
700 1 _aАтанасов, Георги
_eил.
_gПетров, Георги Атанасов
_9363532
700 1 _aЯнков, Николай
_eпредг. от
_9364665
700 1 _aДунов, Илия Бешков
_e*
_9318077
139 _aГабе, Дора Петрова
_bГ 13
245 1 0 _aЗа нас малките
_bСтихотворения : За предучилищна и нач. училищна възраст
_cДора Габе; ил. Илия Бешков; ил. Георги Атанасов; предг. от Николай Янков; * Илия Бешков Дунов.
250 _a2. изд.
257 _aBGR
260 София
_bБълг. писател
_c1973
300 _a204 с.
_bс ил., 1 л. сн.
_c22 см
380 _aDX
500 _aПълното име на худож. е Илия Бешков Дунов. - 1. изд. 1967. - 15 100 тир.
852 _aЦб 257812
856 4 _qpdf
_u
856 4 _qpdf
_u
942 _cKNG
_n0
_01
944 _aCR
_c14.02.2013
_lCRON CRON
_k
944 _aED
_c14.02.2013
_l14.02.2013 - от С1,Р / 14.02.2013
_k
999 _c133663
_d133663